| 000 -LEADER |
| fixed length control field |
00491nam a22001937a 4500 |
| 003 - CONTROL NUMBER IDENTIFIER |
| control field |
OSt |
| 005 - DATE AND TIME OF LATEST TRANSACTION |
| control field |
20200314150737.0 |
| 008 - FIXED-LENGTH DATA ELEMENTS--GENERAL INFORMATION |
| fixed length control field |
200314b ||||| |||| 00| 0 eng d |
| 020 ## - INTERNATIONAL STANDARD BOOK NUMBER |
| International Standard Book Number |
9789386552723 |
| 040 ## - CATALOGING SOURCE |
| Original cataloging agency |
bmsca |
| 041 ## - LANGUAGE CODE |
| Language code of text/sound track or separate title |
eng |
| 082 ## - DEWEY DECIMAL CLASSIFICATION NUMBER |
| Classification number |
891.1 |
| 100 ## - MAIN ENTRY--PERSONAL NAME |
| Fuller form of name |
Sharma, sandhya |
| 110 ## - MAIN ENTRY--CORPORATE NAME |
| Corporate name or jurisdiction name as entry element |
Sandhya sharma |
| 245 ## - TITLE STATEMENT |
| Title |
Literature,culture and history in mughal north India 1550-1800 |
| 260 ## - PUBLICATION, DISTRIBUTION, ETC. (IMPRINT) |
| Place of publication, distribution, etc |
Delhi: |
| Name of publisher, distributor, etc |
Primus books |
| Date of publication, distribution, etc |
2011 Printing, 2018. |
| 300 ## - PHYSICAL DESCRIPTION |
| Extent |
X, 241.: |
| 942 ## - ADDED ENTRY ELEMENTS (KOHA) |
| Source of classification or shelving scheme |
|